|
|
|
|
| LEADER |
00635nab a2200181 i 4500 |
| 001 |
acta36596 |
| 005 |
20210722100806.0 |
| 008 |
161017s2010 hu o 0|| hun d |
| 022 |
|
|
|a 0865-5960
|
| 040 |
|
|
|a SZTE Egyetemi Kiadványok Repozitórium
|b hun
|
| 041 |
|
|
|a hun
|
| 100 |
1 |
|
|a Békési Imre
|
| 245 |
1 |
0 |
|a Interpretációs (retorikai, szemiotikai) megközelítések
|h [elektronikus dokumentum] /
|c Békési Imre
|
| 260 |
|
|
|c 2010
|
| 300 |
|
|
|a 42-46
|
| 490 |
0 |
|
|a Szemiotikai szövegtan
|
| 695 |
|
|
|a Nyelvészet, Szövegtan, Retorika, Szemiotika
|
| 856 |
4 |
0 |
|u http://acta.bibl.u-szeged.hu/36596/1/szemiotikai_019_042-046.pdf
|z Dokumentum-elérés
|